[Event "imp"]
[Site "?"]
[Date "2015.03.27"]
[Round "4.7"]
[White "Dragun, Kamil"]
[Black "Sadzikowski, Daniel"]
[Result "1-0"]
[LiveChessVersion "1.4.4"]
[BlackElo "2500"]
[WhiteElo "2558"]

1. d4 {[%clk 1:30:57]} d5 {[%clk 1:30:56]} 2. c4 {[%clk 1:31:10]} e6
{[%clk 1:31:23]} 3. Nf3 {[%clk 1:31:27]} Nf6 {[%clk 1:31:41]} 4. g3
{[%clk 1:31:49]} Bb4+ {[%clk 1:26:49]} 5. Bd2 {[%clk 1:31:27]} Be7
{[%clk 1:27:17]} 6. Bg2 {[%clk 1:31:36]} O-O {[%clk 1:27:45]} 7. O-O
{[%clk 1:31:27]} c6 {[%clk 1:28:13]} 8. Qc2 {[%clk 1:30:09]} b6 {[%clk 1:25:39]}
9. Bg5 {[%clk 1:28:23]} Bb7 {[%clk 1:22:55]} 10. Nbd2 {[%clk 1:27:52]} Nbd7
{[%clk 1:21:30]} 11. e4 {[%clk 1:26:31]} h6 {[%clk 1:04:52]} 12. Bf4
{[%clk 1:24:13]} Rc8 {[%clk 0:50:11]} 13. e5 {[%clk 1:18:35]} Nh7
{[%clk 0:49:14]} 14. a3 {[%clk 1:11:41]} dxc4 {[%clk 0:42:25]} 15. Nxc4
{[%clk 1:11:53]} b5 {[%clk 0:42:44]} 16. Nd6 {[%clk 1:04:02]} Bxd6
{[%clk 0:43:02]} 17. exd6 {[%clk 1:04:30]} c5 {[%clk 0:39:10]} 18. dxc5
{[%clk 0:58:03]} Rxc5 {[%clk 0:39:37]} 19. Qe2 {[%clk 0:58:20]} Qa8
{[%clk 0:39:18]} 20. Be3 {[%clk 0:45:38]} Ng5 {[%clk 0:28:52]} 21. Nxg5
{[%clk 0:30:18]} Bxg2 {[%clk 0:29:17]} 22. Bxc5 {[%clk 0:30:43]} hxg5
{[%clk 0:19:25]} 23. Rfc1 {[%clk 0:27:08]} Bh1 {[%clk 0:14:51]} 24. Qf1
{[%clk 0:22:51]} f5 {[%clk 0:12:17]} 25. Rc3 {[%clk 0:22:45]} Bd5
{[%clk 0:07:16]} 26. Re1 {[%clk 0:22:27]} a6 {[%clk 0:07:14]} 27. Bd4
{[%clk 0:22:14]} f4 {[%clk 0:06:40]} 28. Qh3 {[%clk 0:21:18]} Qe8
{[%clk 0:06:11]} 29. Qg4 {[%clk 0:20:11]} Qg6 {[%clk 0:05:21]} 30. h4
{[%clk 0:20:10]} e5 {[%clk 0:05:16]} 31. Qxd7 {[%clk 0:19:31]} exd4
{[%clk 0:05:43]} 32. Rc8 {[%clk 0:19:34]} Rxc8 {[%clk 0:03:57]} 33. Qxc8+
{[%clk 0:19:51]} Kh7 {[%clk 0:04:26]} 34. Qe8 {[%clk 0:15:53]} Qh6
{[%clk 0:03:52]} 35. Qe5 {[%clk 0:15:39]} fxg3 {[%clk 0:03:52]} 36. Qf5+
{[%clk 0:13:51]} Kh8 {[%clk 0:03:52]} 37. Re8+ {[%clk 0:14:01]} Bg8
{[%clk 0:04:16]} 38. d7 {[%clk 0:14:10]} 1-0

[Event "imp"]
[Site "?"]
[Date "2015.03.27"]
[Round "4.8"]
[White "Krysztofiak, Marcin"]
[Black "Weichhold, Pawel"]
[Result "1/2-1/2"]
[LiveChessVersion "1.4.4"]
[BlackElo "2404"]
[WhiteElo "2410"]

1. Nf3 {[%clk 1:30:57]} Nf6 {[%clk 1:30:44]} 2. c4 {[%clk 1:31:02]} g6
{[%clk 1:31:08]} 3. g3 {[%clk 1:31:13]} Bg7 {[%clk 1:31:33]} 4. Bg2
{[%clk 1:31:39]} O-O {[%clk 1:31:30]} 5. O-O {[%clk 1:32:03]} d6 {[%clk 1:31:42]}
6. d4 {[%clk 1:31:50]} Nc6 {[%clk 1:31:55]} 7. Nc3 {[%clk 1:32:01]} Bg4
{[%clk 1:32:14]} 8. Be3 {[%clk 1:31:27]} Qd7 {[%clk 1:25:07]} 9. Qd2
{[%clk 1:29:56]} Bh3 {[%clk 1:23:29]} 10. d5 {[%clk 1:27:08]} Na5
{[%clk 1:18:46]} 11. b3 {[%clk 1:27:20]} Bxg2 {[%clk 1:17:11]} 12. Kxg2
{[%clk 1:27:46]} c5 {[%clk 1:16:54]} 13. dxc6 {[%clk 1:27:10]} bxc6
{[%clk 1:11:20]} 14. Bh6 {[%clk 1:24:31]} c5 {[%clk 1:08:21]} 15. Bxg7
{[%clk 1:20:04]} Kxg7 {[%clk 1:08:48]} 16. Rad1 {[%clk 1:10:15]} Nc6
{[%clk 1:04:50]} 17. Nd5 {[%clk 1:06:57]} Nxd5 {[%clk 0:59:46]} 18. cxd5
{[%clk 1:07:09]} Nb4 {[%clk 0:59:04]} 19. e4 {[%clk 1:05:00]} a5 {[%clk 0:52:42]}
20. e5 {[%clk 0:58:07]} a4 {[%clk 0:45:46]} 21. a3 {[%clk 0:55:02]} Na6
{[%clk 0:45:55]} 22. bxa4 {[%clk 0:49:56]} Nc7 {[%clk 0:38:41]} 23. a5
{[%clk 0:45:43]} Rfb8 {[%clk 0:33:39]} 24. Rfe1 {[%clk 0:44:01]} Rb5
{[%clk 0:15:50]} 25. Re4 {[%clk 0:39:25]} Rbxa5 {[%clk 0:12:55]} 26. Rh4
{[%clk 0:34:24]} h5 {[%clk 0:12:33]} 27. Rxh5 {[%clk 0:34:13]} gxh5
{[%clk 0:12:16]} 28. Qg5+ {[%clk 0:34:36]} Kf8 {[%clk 0:11:18]} 29. Qh6+
{[%clk 0:35:00]} Kg8 {[%clk 0:11:44]} 30. Qg5+ {[%clk 0:34:58]} Kf8
{[%clk 0:11:01]} 31. Qh6+ {[%clk 0:35:22]} Kg8 {[%clk 0:11:27]} 32. Qg5+
{[%clk 0:35:47]} 1/2-1/2

[Event "imp"]
[Site "?"]
[Date "2015.03.27"]
[Round "4.9"]
[White "Matuszewski, Michal"]
[Black "Swiercz, Dariusz"]
[Result "0-1"]
[LiveChessVersion "1.4.4"]
[BlackElo "2622"]
[WhiteElo "2463"]

1. Nf3 {[%clk 1:30:54]} Nf6 {[%clk 1:30:38]} 2. c4 {[%clk 1:30:55]} e6
{[%clk 1:30:43]} 3. g3 {[%clk 1:30:06]} b6 {[%clk 1:30:32]} 4. Bg2
{[%clk 1:29:53]} Bb7 {[%clk 1:30:59]} 5. O-O {[%clk 1:29:51]} g6 {[%clk 1:31:13]}
6. d4 {[%clk 1:27:29]} Bg7 {[%clk 1:31:37]} 7. Nc3 {[%clk 1:26:34]} Ne4
{[%clk 1:31:51]} 8. Qd3 {[%clk 1:08:12]} Nxc3 {[%clk 1:25:30]} 9. Qxc3
{[%clk 1:07:59]} O-O {[%clk 1:19:29]} 10. Bg5 {[%clk 1:08:10]} Qc8
{[%clk 1:09:21]} 11. Qd2 {[%clk 1:06:50]} d6 {[%clk 1:03:49]} 12. d5
{[%clk 1:04:04]} Nd7 {[%clk 1:01:37]} 13. Nd4 {[%clk 0:59:26]} e5
{[%clk 1:00:18]} 14. Nb5 {[%clk 0:59:39]} a6 {[%clk 0:42:42]} 15. Nc3
{[%clk 0:59:30]} f5 {[%clk 0:40:05]} 16. Bh6 {[%clk 0:53:46]} Bxh6
{[%clk 0:39:51]} 17. Qxh6 {[%clk 0:54:06]} Qe8 {[%clk 0:38:16]} 18. Bh3
{[%clk 0:45:22]} Bc8 {[%clk 0:32:36]} 19. Rae1 {[%clk 0:37:32]} Qe7
{[%clk 0:25:19]} 20. e4 {[%clk 0:32:30]} f4 {[%clk 0:25:34]} 21. Be6+
{[%clk 0:32:43]} Kh8 {[%clk 0:26:03]} 22. b4 {[%clk 0:32:41]} Nf6
{[%clk 0:13:35]} 23. Bxc8 {[%clk 0:32:08]} Raxc8 {[%clk 0:14:04]} 24. gxf4
{[%clk 0:32:12]} Nh5 {[%clk 0:07:22]} 25. Qg5 {[%clk 0:27:02]} Rf6
{[%clk 0:00:34]} 26. fxe5 {[%clk 0:26:18]} dxe5 {[%clk 0:01:03]} 27. c5
{[%clk 0:19:48]} bxc5 {[%clk 0:01:29]} 28. bxc5 {[%clk 0:20:07]} Nf4
{[%clk 0:01:49]} 29. Re3 {[%clk 0:20:11]} Kg7 {[%clk 0:00:37]} 30. Rf3
{[%clk 0:17:24]} h6 {[%clk 0:00:48]} 31. Qg4 {[%clk 0:09:55]} Rcf8
{[%clk 0:01:18]} 32. c6 {[%clk 0:08:49]} Ne2+ {[%clk 0:00:56]} 33. Nxe2
{[%clk 0:09:17]} Rxf3 {[%clk 0:01:23]} 34. Ng3 {[%clk 0:09:26]} Kh7
{[%clk 0:00:53]} 35. Nf5 {[%clk 0:07:23]} Qa3 {[%clk 0:01:22]} 36. Nh4
{[%clk 0:06:10]} R3f6 {[%clk 0:01:46]} 37. Qg3 {[%clk 0:02:35]} Qb2
{[%clk 0:01:21]} 38. Kh1 {[%clk 0:01:57]} Qe2 {[%clk 0:01:39]} 39. Qg2
{[%clk 0:02:26]} Qh5 {[%clk 0:01:40]} 40. Qh3 {[%clk 0:30:38]} g5
{[%clk 0:30:56]} 0-1

[Event "imp"]
[Site "?"]
[Date "2015.03.27"]
[Round "4.10"]
[White "Przybylski, Wojciech"]
[Black "Kolosowski, Mateusz"]
[Result "0-1"]
[LiveChessVersion "1.4.4"]
[BlackElo "2443"]
[WhiteElo "2378"]

1. e4 {[%clk 1:30:58]} e5 {[%clk 1:30:54]} 2. Nf3 {[%clk 1:31:17]} Nc6
{[%clk 1:31:19]} 3. Nc3 {[%clk 1:24:55]} Nf6 {[%clk 1:31:39]} 4. d4
{[%clk 1:25:20]} exd4 {[%clk 1:32:05]} 5. Nxd4 {[%clk 1:25:46]} Bb4
{[%clk 1:32:29]} 6. Nxc6 {[%clk 1:25:51]} bxc6 {[%clk 1:32:53]} 7. Bd3
{[%clk 1:26:16]} d5 {[%clk 1:33:14]} 8. exd5 {[%clk 1:26:27]} cxd5
{[%clk 1:33:39]} 9. O-O {[%clk 1:26:22]} O-O {[%clk 1:33:52]} 10. h3
{[%clk 1:26:33]} Be7 {[%clk 1:28:23]} 11. Bf4 {[%clk 1:20:56]} c6
{[%clk 1:03:56]} 12. Qf3 {[%clk 1:18:33]} Be6 {[%clk 1:03:32]} 13. Rad1
{[%clk 1:13:54]} Nd7 {[%clk 0:56:31]} 14. Ne2 {[%clk 0:55:45]} Bf6
{[%clk 0:53:41]} 15. c3 {[%clk 0:49:39]} Qb6 {[%clk 0:49:36]} 16. Rd2
{[%clk 0:38:29]} c5 {[%clk 0:42:51]} 17. Bb1 {[%clk 0:30:33]} Rfe8
{[%clk 0:39:19]} 18. Rfd1 {[%clk 0:25:00]} g6 {[%clk 0:30:53]} 19. Qg3
{[%clk 0:22:58]} Bg7 {[%clk 0:29:42]} 20. Be3 {[%clk 0:14:57]} Qa5
{[%clk 0:22:18]} 21. Nf4 {[%clk 0:12:08]} Nf6 {[%clk 0:21:10]} 22. Nxe6
{[%clk 0:11:37]} Rxe6 {[%clk 0:20:21]} 23. Qf3 {[%clk 0:10:38]} Rae8
{[%clk 0:19:42]} 24. a3 {[%clk 0:10:00]} Qb5 {[%clk 0:17:45]} 25. Ba2
{[%clk 0:07:44]} c4 {[%clk 0:16:38]} 26. Bxa7 {[%clk 0:05:08]} Bh6
{[%clk 0:16:59]} 27. Rxd5 {[%clk 0:00:38]} Nxd5 {[%clk 0:16:49]} 28. Rxd5
{[%clk 0:01:07]} Qxb2 {[%clk 0:14:14]} 29. Bxc4 {[%clk 0:00:38]} Qb7
{[%clk 0:12:50]} 30. Bd4 {[%clk 0:00:35]} Re1+ {[%clk 0:08:58]} 31. Kh2
{[%clk 0:00:36]} Qc7+ {[%clk 0:09:24]} 32. g3 {[%clk 0:00:53]} Qxc4
{[%clk 0:09:08]} 33. Qf6 {[%clk 0:00:59]} Rh1+ {[%clk 0:09:34]} 34. Kxh1
{[%clk 0:00:36]} Qxd5+ {[%clk 0:09:59]} 35. Kh2 {[%clk 0:00:45]} Kf8
{[%clk 0:10:18]} 0-1

[Event "imp"]
[Site "?"]
[Date "2015.03.27"]
[Round "4.11"]
[White "Grabarczyk, Miroslaw"]
[Black "Skawinski, Arkadiusz"]
[Result "1/2-1/2"]
[LiveChessVersion "1.4.4"]
[BlackElo "2388"]
[WhiteElo "2433"]

1. d4 {[%clk 1:30:56]} d5 {[%clk 1:30:56]} 2. c4 {[%clk 1:31:14]} c6
{[%clk 1:31:24]} 3. Nf3 {[%clk 1:31:35]} Nf6 {[%clk 1:31:48]} 4. e3
{[%clk 1:31:50]} Bf5 {[%clk 1:31:43]} 5. Nc3 {[%clk 1:30:55]} e6 {[%clk 1:32:02]}
6. Nh4 {[%clk 1:31:11]} Be4 {[%clk 1:31:41]} 7. f3 {[%clk 1:30:01]} Bg6
{[%clk 1:32:07]} 8. Qb3 {[%clk 1:28:08]} Qb6 {[%clk 1:30:26]} 9. Nxg6
{[%clk 1:22:20]} hxg6 {[%clk 1:30:49]} 10. Kf2 {[%clk 1:20:12]} Nbd7
{[%clk 1:29:10]} 11. Bd2 {[%clk 1:18:35]} Be7 {[%clk 1:25:12]} 12. Be2
{[%clk 1:17:04]} O-O {[%clk 1:21:34]} 13. Rhd1 {[%clk 1:00:57]} Rfe8
{[%clk 1:18:36]} 14. Rac1 {[%clk 0:58:59]} Rad8 {[%clk 1:17:20]} 15. g3
{[%clk 0:56:04]} a6 {[%clk 0:54:59]} 16. Qxb6 {[%clk 0:43:19]} Nxb6
{[%clk 0:52:02]} 17. c5 {[%clk 0:43:25]} Nbd7 {[%clk 0:52:03]} 18. b4
{[%clk 0:30:25]} e5 {[%clk 0:50:18]} 19. a4 {[%clk 0:30:31]} exd4
{[%clk 0:48:50]} 20. exd4 {[%clk 0:30:53]} Nf8 {[%clk 0:48:42]} 21. Bd3
{[%clk 0:27:10]} Ne6 {[%clk 0:47:28]} 22. Ne2 {[%clk 0:27:32]} Nd7
{[%clk 0:46:00]} 23. b5 {[%clk 0:24:42]} axb5 {[%clk 0:43:02]} 24. axb5
{[%clk 0:25:06]} Ra8 {[%clk 0:34:07]} 25. Ra1 {[%clk 0:24:21]} Bf6
{[%clk 0:30:49]} 26. Bc3 {[%clk 0:24:35]} Rxa1 {[%clk 0:25:08]} 27. Rxa1
{[%clk 0:24:06]} Nexc5 {[%clk 0:25:00]} 28. dxc5 {[%clk 0:24:21]} Nxc5
{[%clk 0:25:12]} 29. Bc2 {[%clk 0:23:43]} Rxe2+ {[%clk 0:25:31]} 30. Kxe2
{[%clk 0:24:03]} Bxc3 {[%clk 0:25:59]} 31. Ra8+ {[%clk 0:19:50]} Kh7
{[%clk 0:26:24]} 32. bxc6 {[%clk 0:14:13]} bxc6 {[%clk 0:26:48]} 33. Rc8
{[%clk 0:09:25]} Ne6 {[%clk 0:26:54]} 34. Kd3 {[%clk 0:08:57]} Bd4
{[%clk 0:26:59]} 35. Rxc6 {[%clk 0:05:50]} Bg1 {[%clk 0:27:14]} 36. h3
{[%clk 0:05:29]} Bf2 {[%clk 0:27:15]} 37. g4 {[%clk 0:05:16]} Nf4+
{[%clk 0:27:22]} 38. Kd2 {[%clk 0:05:16]} d4 {[%clk 0:27:44]} 39. Rd6
{[%clk 0:01:13]} Be3+ {[%clk 0:27:56]} 40. Ke1 {[%clk 0:30:51]} Nxh3
{[%clk 0:57:59]} 41. Rd7 {[%clk 0:30:43]} f6 {[%clk 0:57:05]} 42. Be4
{[%clk 0:30:06]} Kh6 {[%clk 0:54:40]} 43. Kd1 {[%clk 0:28:35]} Nf4
{[%clk 0:49:54]} 44. Re7 {[%clk 0:27:46]} Ng2 {[%clk 0:49:52]} 45. Rd7
{[%clk 0:26:22]} Nf4 {[%clk 0:50:07]} 46. Kc2 {[%clk 0:25:36]} Ne6
{[%clk 0:47:38]} 47. Re7 {[%clk 0:20:20]} Nc5 {[%clk 0:46:10]} 48. Rc7
{[%clk 0:19:39]} Ne6 {[%clk 0:45:51]} 49. Rc6 {[%clk 0:18:21]} Nf4
{[%clk 0:45:25]} 50. Rc7 {[%clk 0:17:44]} Ne6 {[%clk 0:45:49]} 51. Rf7
{[%clk 0:18:07]} Nc5 {[%clk 0:45:33]} 52. Bd3 {[%clk 0:17:45]} Ne6
{[%clk 0:44:28]} 53. Rd7 {[%clk 0:17:30]} Ng5 {[%clk 0:43:38]} 54. Be2
{[%clk 0:16:04]} Ne6 {[%clk 0:42:15]} 55. Bc4 {[%clk 0:15:54]} Ng5
{[%clk 0:40:01]} 56. Be2 {[%clk 0:16:10]} Ne6 {[%clk 0:40:19]} 57. Re7
{[%clk 0:16:23]} Nf4 {[%clk 0:39:23]} 58. Bc4 {[%clk 0:13:38]} Nh3
{[%clk 0:39:04]} 59. Bd5 {[%clk 0:11:34]} Nf2 {[%clk 0:38:03]} 60. Be4
{[%clk 0:11:44]} Bf4 {[%clk 0:37:14]} 61. Rd7 {[%clk 0:11:27]} Nxe4
{[%clk 0:34:47]} 62. fxe4 {[%clk 0:11:40]} Be5 {[%clk 0:35:14]} 63. Kd3
{[%clk 0:10:36]} Kg5 {[%clk 0:32:17]} 64. Rxg7 {[%clk 0:09:13]} f5
{[%clk 0:28:58]} 65. Re7 {[%clk 0:09:34]} Kf6 {[%clk 0:29:20]} 66. Rxe5
{[%clk 0:04:17]} 1/2-1/2

[Event "imp"]
[Site "?"]
[Date "2015.03.28"]
[Round "5.1"]
[White "Klekowski, Maciej"]
[Black "Piorun, Kacper"]
[Result "1-0"]
[LiveChessVersion "1.4.4"]
[BlackElo "2528"]
[WhiteElo "2434"]

1. c4 {[%clk 1:30:57]} f5 2. Nf3 {[%clk 1:30:02]} Nf6 {[%clk 1:31:15]} 3. g3
{[%clk 1:30:07]} g6 {[%clk 1:31:38]} 4. Bg2 {[%clk 1:30:30]} Bg7 {[%clk 1:32:03]}
5. O-O {[%clk 1:30:54]} O-O {[%clk 1:32:26]} 6. Nc3 {[%clk 1:31:12]} d6
{[%clk 1:32:49]} 7. d4 {[%clk 1:31:38]} Qe8 {[%clk 1:33:01]} 8. d5
{[%clk 1:17:36]} a5 {[%clk 1:33:21]} 9. Nd4 {[%clk 1:03:20]} Na6 {[%clk 1:33:39]}
10. b3 {[%clk 1:02:35]} Bd7 {[%clk 1:29:21]} 11. Bb2 {[%clk 0:54:08]} Nc5
{[%clk 1:29:15]} 12. a3 {[%clk 0:53:46]} c6 {[%clk 1:24:35]} 13. b4
{[%clk 0:50:02]} Nce4 {[%clk 1:24:30]} 14. Rb1 {[%clk 0:36:29]} cxd5
{[%clk 1:09:18]} 15. cxd5 {[%clk 0:33:28]} axb4 {[%clk 1:09:33]} 16. axb4
{[%clk 0:31:32]} Qf7 {[%clk 1:09:38]} 17. Qd3 {[%clk 0:18:03]} Nxc3
{[%clk 0:46:29]} 18. Bxc3 {[%clk 0:18:30]} Ne4 {[%clk 0:35:55]} 19. Bb2
{[%clk 0:16:06]} Qxd5 {[%clk 0:22:06]} 20. Nxf5 {[%clk 0:15:42]} Qxd3
{[%clk 0:22:33]} 21. exd3 {[%clk 0:16:05]} Nd2 {[%clk 0:17:32]} 22. Nxg7
{[%clk 0:13:43]} e5 {[%clk 0:18:00]} 23. d4 {[%clk 0:13:35]} Nxf1
{[%clk 0:12:51]} 24. Rxf1 {[%clk 0:13:29]} Kxg7 {[%clk 0:11:24]} 25. dxe5
{[%clk 0:13:54]} Ra2 {[%clk 0:11:36]} 26. Bd4 {[%clk 0:13:25]} Rd2
{[%clk 0:11:14]} 27. Be3 {[%clk 0:13:32]} Rb2 {[%clk 0:11:28]} 28. e6
{[%clk 0:13:55]} Rxb4 {[%clk 0:10:33]} 29. exd7 {[%clk 0:14:20]} Rd8
{[%clk 0:10:58]} 30. Bh3 {[%clk 0:14:37]} Kf6 {[%clk 0:11:24]} 31. Rd1
{[%clk 0:14:46]} 1-0

[Event "imp"]
[Site "?"]
[Date "2015.03.28"]
[Round "5.2"]
[White "Gajewski, Grzegorz"]
[Black "Socko, Bartosz"]
[Result "1-0"]
[LiveChessVersion "1.4.4"]
[BlackElo "2623"]
[WhiteElo "2648"]

1. c4 {[%clk 1:30:56]} e5 {[%clk 1:30:53]} 2. Nc3 {[%clk 1:31:21]} Nf6
{[%clk 1:31:18]} 3. Nf3 {[%clk 1:31:44]} Nc6 {[%clk 1:31:42]} 4. e4 d6
{[%clk 1:30:50]} 5. d4 {[%clk 1:29:52]} Bg4 {[%clk 1:29:30]} 6. d5
{[%clk 1:30:07]} Nd4 {[%clk 1:29:14]} 7. Be2 {[%clk 1:29:08]} Nxe2
{[%clk 1:26:35]} 8. Qxe2 {[%clk 1:29:31]} g6 {[%clk 1:26:13]} 9. h3
{[%clk 1:22:02]} Bd7 {[%clk 1:26:12]} 10. Bg5 {[%clk 1:22:01]} Bg7
{[%clk 1:22:31]} 11. O-O-O {[%clk 1:19:24]} a6 {[%clk 1:22:25]} 12. a3
{[%clk 1:16:14]} Qe7 {[%clk 1:19:24]} 13. Kb1 {[%clk 1:14:12]} h6
{[%clk 1:17:53]} 14. Be3 {[%clk 1:10:23]} c5 {[%clk 1:16:24]} 15. dxc6
{[%clk 1:01:25]} Bxc6 {[%clk 1:16:38]} 16. Bb6 {[%clk 1:01:51]} O-O
{[%clk 1:07:59]} 17. Rd2 {[%clk 1:01:53]} a5 {[%clk 1:05:14]} 18. Rhd1
{[%clk 1:01:29]} Ra6 {[%clk 0:58:07]} 19. c5 {[%clk 1:01:43]} dxc5
{[%clk 0:58:29]} 20. Bd8 {[%clk 1:02:09]} Qe8 {[%clk 0:57:17]} 21. Bxf6
{[%clk 0:55:39]} Bxf6 {[%clk 0:57:34]} 22. Nd5 {[%clk 0:55:59]} Bxd5
{[%clk 0:41:42]} 23. Rxd5 {[%clk 0:55:55]} Rc6 {[%clk 0:40:31]} 24. Nd2
{[%clk 0:53:57]} Rc7 {[%clk 0:37:04]} 25. Nc4 {[%clk 0:52:39]} Bg7
{[%clk 0:31:14]} 26. Qd2 {[%clk 0:41:57]} Qb5 {[%clk 0:25:57]} 27. Qxa5
{[%clk 0:40:49]} Qxa5 {[%clk 0:22:09]} 28. Nxa5 {[%clk 0:41:11]} f5
{[%clk 0:22:36]} 29. Rd7 {[%clk 0:37:47]} Rxd7 {[%clk 0:20:04]} 30. Rxd7
{[%clk 0:38:04]} fxe4 {[%clk 0:20:24]} 31. Rxb7 {[%clk 0:37:45]} Rxf2
{[%clk 0:20:36]} 32. Nc4 {[%clk 0:33:11]} e3 {[%clk 0:19:20]} 33. Nxe3
{[%clk 0:33:33]} e4 {[%clk 0:19:45]} 34. a4 {[%clk 0:24:04]} Bd4 {[%clk 0:20:09]}
35. Rb3 {[%clk 0:23:44]} Re2 {[%clk 0:19:21]} 36. Nc4 {[%clk 0:21:01]} e3
{[%clk 0:19:28]} 37. a5 {[%clk 0:13:51]} Re1+ {[%clk 0:19:41]} 38. Kc2
{[%clk 0:13:42]} e2 {[%clk 0:19:11]} 39. Rb8+ {[%clk 0:13:55]} Kf7
{[%clk 0:13:09]} 40. Kd2 {[%clk 0:43:54]} Rc1 {[%clk 0:40:01]} 41. Nd6+
{[%clk 0:44:09]} Kf6 {[%clk 0:38:05]} 42. Kxe2 {[%clk 0:44:15]} Ke5
{[%clk 0:33:55]} 43. Kd2 {[%clk 0:34:36]} Ra1 {[%clk 0:32:55]} 44. Nc4+
{[%clk 0:34:53]} Kd5 {[%clk 0:33:08]} 45. Kd3 {[%clk 0:35:17]} Rd1+
{[%clk 0:31:31]} 46. Kc2 {[%clk 0:35:38]} Ra1 {[%clk 0:31:08]} 47. Kb3
{[%clk 0:35:27]} g5 {[%clk 0:30:48]} 48. Rb6 {[%clk 0:30:29]} h5 {[%clk 0:30:37]}
49. Rg6 {[%clk 0:30:37]} g4 {[%clk 0:30:47]} 50. hxg4 {[%clk 0:30:34]} hxg4
{[%clk 0:31:06]} 51. Rxg4 {[%clk 0:30:52]} Kc6 {[%clk 0:31:29]} 52. Rg6+
{[%clk 0:31:12]} Kb7 {[%clk 0:31:37]} 53. g4 {[%clk 0:31:04]} Rg1
{[%clk 0:31:39]} 54. Ka4 {[%clk 0:31:15]} Rg3 {[%clk 0:31:55]} 55. a6+
{[%clk 0:31:03]} Ka7 {[%clk 0:32:16]} 56. Na5 {[%clk 0:30:58]} Bxb2
{[%clk 0:31:18]} 57. Kb5 {[%clk 0:31:19]} Kb8 {[%clk 0:31:19]} 58. Rg8+
{[%clk 0:31:43]} 1-0

[Event "imp"]
[Site "?"]
[Date "2015.03.28"]
[Round "5.3"]
[White "Tomczak, Jacek"]
[Black "Dragun, Kamil"]
[Result "1-0"]
[LiveChessVersion "1.4.4"]
[BlackElo "2558"]
[WhiteElo "2554"]

1. e4 {[%clk 1:30:56]} c5 {[%clk 1:30:55]} 2. Nf3 {[%clk 1:31:18]} e6
{[%clk 1:31:20]} 3. d4 {[%clk 1:31:42]} cxd4 {[%clk 1:31:45]} 4. Nxd4
{[%clk 1:32:07]} Nc6 5. Nc3 {[%clk 1:31:33]} Qc7 {[%clk 1:32:19]} 6. Be3
{[%clk 1:28:44]} a6 {[%clk 1:32:42]} 7. Be2 {[%clk 1:29:00]} Nf6 {[%clk 1:33:01]}
8. O-O {[%clk 1:29:21]} Be7 {[%clk 1:33:02]} 9. f4 {[%clk 1:29:27]} d6
{[%clk 1:33:21]} 10. Qe1 {[%clk 1:27:56]} O-O {[%clk 1:33:22]} 11. Qg3
{[%clk 1:28:03]} Nxd4 {[%clk 1:33:45]} 12. Bxd4 {[%clk 1:28:28]} b5
{[%clk 1:34:06]} 13. a3 {[%clk 1:28:34]} Bb7 {[%clk 1:34:31]} 14. Rae1
{[%clk 1:28:35]} Rad8 {[%clk 1:34:54]} 15. Kh1 {[%clk 1:14:50]} Rd7
{[%clk 1:35:02]} 16. Bd3 {[%clk 1:13:15]} Re8 {[%clk 1:34:37]} 17. Nd1
{[%clk 1:07:14]} Qd8 {[%clk 1:28:57]} 18. Ne3 {[%clk 0:53:02]} g6
{[%clk 1:25:50]} 19. f5 {[%clk 0:41:10]} e5 {[%clk 1:21:58]} 20. Bc3
{[%clk 0:40:24]} Bxe4 {[%clk 0:48:57]} 21. fxg6 {[%clk 0:36:19]} fxg6
{[%clk 0:33:58]} 22. Nf5 {[%clk 0:24:16]} Bxd3 {[%clk 0:34:19]} 23. cxd3
{[%clk 0:24:15]} Bf8 {[%clk 0:34:40]} 24. d4 {[%clk 0:22:01]} e4 {[%clk 0:32:17]}
25. d5 {[%clk 0:15:47]} Rf7 {[%clk 0:32:39]} 26. Bxf6 {[%clk 0:13:59]} Rxf6
{[%clk 0:33:00]} 27. Nd4 {[%clk 0:14:26]} Qe7 {[%clk 0:25:05]} 28. Ne6
{[%clk 0:09:56]} Bh6 {[%clk 0:17:22]} 29. Rxf6 {[%clk 0:05:33]} Qxf6
{[%clk 0:17:51]} 30. Qxd6 {[%clk 0:05:59]} Bd2 {[%clk 0:14:28]} 31. Rg1
{[%clk 0:06:26]} e3 {[%clk 0:14:11]} 32. Qc6 {[%clk 0:06:53]} Qe7
{[%clk 0:09:09]} 33. Qc2 {[%clk 0:07:02]} Qf6 {[%clk 0:07:58]} 34. Qc6
{[%clk 0:07:26]} Qe7 {[%clk 0:08:28]} 35. Qc2 {[%clk 0:07:49]} Qf7
{[%clk 0:06:36]} 36. h3 {[%clk 0:06:31]} Re7 {[%clk 0:05:35]} 37. Qd3
{[%clk 0:04:45]} Qe8 {[%clk 0:04:09]} 38. Rf1 {[%clk 0:04:36]} Rf7
{[%clk 0:04:00]} 39. Rf3 {[%clk 0:02:07]} Qe7 {[%clk 0:03:16]} 40. Qd4
{[%clk 0:31:27]} Rxf3 {[%clk 0:30:47]} 41. gxf3 {[%clk 0:31:45]} Kf7
{[%clk 0:23:54]} 42. Qf4+ {[%clk 0:22:47]} Ke8 {[%clk 0:19:31]} 43. Kg2
{[%clk 0:20:02]} Kd7 {[%clk 0:19:56]} 44. Qc7+ {[%clk 0:19:12]} Ke8
{[%clk 0:20:25]} 45. Qb8+ {[%clk 0:18:52]} Kf7 {[%clk 0:20:53]} 46. Kf1
{[%clk 0:18:20]} g5 47. Qe5 {[%clk 0:13:10]} Qf6 {[%clk 0:21:11]} 48. Nxg5+
{[%clk 0:10:33]} Kg6 {[%clk 0:21:40]} 49. Qxf6+ {[%clk 0:10:40]} Kxf6
{[%clk 0:22:09]} 50. Ne4+ {[%clk 0:11:03]} Ke5 {[%clk 0:22:35]} 51. Nxd2
{[%clk 0:10:57]} exd2 {[%clk 0:23:03]} 52. Ke2 {[%clk 0:11:23]} Kxd5
{[%clk 0:23:25]} 53. Kxd2 {[%clk 0:11:49]} Kd4 {[%clk 0:23:44]} 54. Ke2
{[%clk 0:11:41]} h5 {[%clk 0:24:03]} 55. b4 {[%clk 0:08:55]} Kc4 {[%clk 0:24:13]}
56. Ke3 {[%clk 0:08:53]} 1-0